| 000 | 00624nam a22001937a 4500 | ||
|---|---|---|---|
| 003 | OSt | ||
| 005 | 20130619131022.0 | ||
| 008 | 130618s2006 sp ||||| |||| 00| 0 spa d | ||
| 040 | _cCDMR | ||
| 245 | 0 | 3 | _aEl Parkinson |
| 260 |
_a[Barcelona] _bFederación Española de Parkinson |
||
| 260 |
_bProjecció, MEcenatge social _cDL 2006 |
||
| 300 | _a37 p. | ||
| 490 | 0 |
_aGuía de estilo. _aSalud y medios de comunicación. |
|
| 650 | 0 | 4 |
_93086 _aPeriodisme _xManuals d'estil |
| 650 | 0 | 4 |
_93821 _aSalut en els mitjans de comunicació de massa |
| 650 | 0 | 4 |
_92757 _aMitjans de comunicació de massa _xAspectes socials |
| 942 |
_2udc _cADV |
||
| 999 |
_c6487 _d6487 |
||